Logo quiz - Statistics

General Stats
  • This quiz has been taken 69 times
  • The average score is 14 of 16
Answer Stats
Picture Answer % Correct
Adidas
97%
Apple
97%
KFC
97%
Pepsi
97%
Pringles
95%
Puma
95%
Spotify
95%
Starbucks
95%
Red bull
94%
Domino’s
92%
Ikea
91%
PayPal
91%
Pizza Hut
91%
Shell
91%
Lacoste
75%
Barclays
38%
No matching quizzes found
Score Distribution
Percent of People with Each Score
Percentile by Number Answered
Your Score History
You have not taken this quiz